000 00296nam a2200133Ia 4500
008 220613s9999||||xx |||||||||||||| ||und||
100 _aPeter M Som
245 0 _aHead And Neck Imaging Vol-1
250 _a5th(2011)
260 _bMosby
300 _a1613
650 _aRadiology
942 _cMEDI
999 _c10504
_d10504